000 00263nam a2200097Ia 4500
001 800407
005 20250826171018.0
008 250824s9999 xx 000 0 und d
245 0 _aBENDE AKSİYON BİTMEZ
_cŞEBNEM GÜLER KARACAN
260 _bUĞUR BÖCEĞİ YAYINLARI
999 _c800407
_d800407